[Event "RUS-Cup01 Chigorin Memorial"]
[Site "St Petersburg"]
[Date "1996.??.??"]
[Round "8"]
[White "Khalifman, Alexander"]
[Black "Aleksandrov, Aleksej"]
[Result "1/2-1/2"]
[WhiteElo "2640"]
[BlackElo "2550"]
[Annotator "Notkin,M"]
[PlyCount "139"]
[EventDate "1996.11.??"]
[EventType "swiss"]
[EventRounds "9"]
[EventCountry "RUS"]
[SourceTitle "CBM 056 Extra"]
[Source "ChessBase"]
[SourceDate "1997.03.01"]
[SourceVersion "1"]
[SourceVersionDate "1997.03.01"]
[SourceQuality "1"]

1. d4 Nf6 2. c4 e6 3. Nf3 Bb4+ 4. Bd2 a5 5. Nc3 b6 6. Bg5 a4 (6... Bb7 7. e3 h6
(7... d6 8. Bd3 Nbd7 9. Qc2 Qe7 10. e4 c5 11. O-O cxd4 12. Nxd4 Rc8 $13 {
Khalifman,A-Yusupov,A/Las Palmas/1993/1:0/40/}) 8. Bh4 g5 9. Bg3 Ne4 10. Nd2
Bxc3 11. bxc3 Nxg3 12. hxg3 d6 13. Rh2 Nd7 14. Be2 Qf6 15. g4 Ke7 16. Nf1 (16.
Qc2 Raf8 17. Bd3 Qg7 18. O-O-O Kd8 19. f3 Kc8 20. Be4 Kb8 $13 {Savchenko,
S-Kiselev,S/Barnaul/1988/1:0/44/}) 16... Raf8 17. Ng3 Kd8 18. Rb1 Kc8 19. Qc2
Qe7 $13 {Vladimirov,E-Kiselev,S/Frunze/1988/1:0/83/}) (6... h6 7. Bh4 Ba6 8. e3
c6 9. Rc1 O-O 10. Bd3 Be7 11. Bb1 d6 12. Bxf6 Bxf6 13. Qc2 g6 14. h4 Bg7 $13 {
Miles,A-Sturua,Z/Iraklion/1993/0:1/117/}) 7. a3 Bxc3+ 8. bxc3 Bb7 9. e3 Ra5 $5
(9... h6 10. Bh4 d6) 10. Bh4 d6 11. Nd2 g5 12. Bg3 Nbd7 13. f3 Rg8 14. Be2 h5 (
14... Qe7 15. c5 $5 $36) 15. e4 h4 16. Bf2 Qe7 $6 (16... Nh5 $13) 17. Rb1 (17.
Bd3) 17... c5 (17... Nh5) 18. Bd3 $1 (18. e5 dxe5 (18... Nh5 19. Ne4 Bxe4 20.
fxe4 Nf4 21. exd6 Qxd6 22. O-O $14) 19. dxc5 Nxc5 20. Rxb6 Nfd7 $13) 18... Kd8
19. O-O Kc7 20. Bc2 Bc6 21. Re1 (21. d5 Bb7 22. Bxa4 Rga8 $15) 21... Qf8 22.
Nf1 Qg7 23. h3 (23. e5 dxe5 24. dxe5 Ne8) 23... Nh5 24. Ne3 (24. d5 Ba8 25.
Bxa4 Ne5 26. Qb3 Rb8 $44) 24... Nf4 25. e5 (25. Qd2 $16) 25... Qf8 (25... dxe5
26. d5 Ba8 27. Bxa4 $16) 26. d5 Bb7 27. Ng4 $1 (27. Bxa4 Nxe5 28. Qb3 Ra6 29.
Bb5 Ra8 30. Bc6 Ra6 $10) 27... Nxe5 (27... exd5 28. Bxa4 Nxe5 29. Nf6 Nfd3 (
29... Nxc4 30. Re8) (29... Rg6 30. Ne8+ Kc8 31. Rxb6 Nxc4 32. Rxb7 Kxb7 33.
Qb3+ $18 {/\Rb1/}) 30. Ne8+ Kb8 31. Rxb6 $40) 28. Nxe5 dxe5 29. dxe6 $2 (29.
d6+ Qxd6 30. Qxd6+ Kxd6 31. Rxb6+ Kc7 (31... Bc6 32. Be4 Rc8 33. Rd1+ $18) 32.
Reb1 Bc8 (32... Bc6 33. Be4 Bxe4 34. fxe4 $16) 33. R6b5 $16) 29... fxe6 30.
Rxe5 Qf6 31. Qe1 $2 (31. Re3 g4 $40) 31... Nxg2 $1 32. Kxg2 Qxf3+ 33. Kf1 Qxh3+
34. Ke2 Rd8 $1 35. Re4 (35. Be4 Bxe4 36. Rxe4 Qd3#) (35. Re3 Qg4+ 36. Kf1 Bg2+
$19) 35... Qg2 $2 (35... g4 36. Qh1 Qxc3 $19) 36. Qh1 $1 Qxh1 37. Rxh1 Raa8 38.
Rg1 Bxe4 39. Bxe4 Rac8 40. Rxg5 Rg8 $1 41. Bxh4 Rxg5 42. Bxg5 Rh8 43. Bf4+ Kd7
44. Bc2 Ra8 45. Be5 Ra7 46. Be4 Kc8 47. Ke3 Rf7 {/\Rf1-a1/} 48. Ke2 Kd8 49. Bc6
Kc8 $1 50. Bg3 (50. Bxa4 Ra7) 50... Rh7 51. Be1 Rc7 52. Bb5 Rh7 53. Kd1 Rh2 54.
Bd2 Rh7 55. Kc2 Ra7 56. Bc1 Kc7 57. Bf4+ Kc8 58. Kd3 Rh7 59. Bc1 Ra7 60. Ke4
Rh7 $1 61. Bxa4 Rh1 62. Bd2 (62. Bb2 $2 Rb1) 62... Ra1 63. Bc6 Ra2 64. Bg5 Rxa3
65. Bf6 Kc7 66. Bb5 Ra2 67. Be5+ Kc8 68. Bd6 Re2+ 69. Kf4 Re1 70. Be5 1/2-1/2

[Event "Olympiad-31"]
[Site "Moscow"]
[Date "1994.12.10"]
[Round "9.2"]
[White "Ehlvest, Jaan"]
[Black "Kveinys, Aloyzas"]
[Result "1-0"]
[WhiteElo "2600"]
[BlackElo "2510"]
[Annotator "Notkin,M"]
[PlyCount "63"]
[EventDate "1994.12.01"]
[EventType "team-swiss"]
[EventRounds "14"]
[EventCountry "RUS"]
[SourceTitle "CBM 045"]
[Source "ChessBase"]
[SourceDate "1995.04.01"]
[SourceVersion "1"]
[SourceVersionDate "1995.04.01"]
[SourceQuality "1"]
[WhiteTeam "Estonia"]
[BlackTeam "Lithuania"]
[WhiteTeamCountry "EST"]
[BlackTeamCountry "LTU"]

1. d4 Nf6 2. c4 e6 3. Nf3 Bb4+ 4. Bd2 a5 5. Nc3 d5 6. e3 O-O 7. Bd3 b6 8. O-O
Ba6 $6 (8... Bb7 9. cxd5 (9. a3 Be7 10. cxd5 exd5 11. Ne5 (11. Qc2 $5) 11... c5
12. Re1 Nc6 13. Qf3 Bd6 14. Ng4 $13 {Barbero,G-Eingorn,V/Debrecen/1989/0,5/59/}
) 9... exd5 10. Qc2 Re8 (10... Na6 11. a3 Bd6 12. e4 dxe4 13. Nxe4 Nxe4 14.
Bxe4 Bxe4 15. Qxe4 $14 {Langeweg,K-Timman,J/NED/1983/}) 11. Rfd1 Ne4 12. Be1
Nd7 13. Nd2 Nef6 $10 {Bishoff,K-Yusupov,A/Altensteig/1993/0,5/31/}) 9. b3 Qe7 (
9... Nbd7 10. a3 Bxc3 (10... Bd6 11. e4 $14) 11. Bxc3 $14) 10. Ne5 Nfd7 11. f4
c6 (11... f6 $5 12. Nf3 f5 $14) 12. Qc2 f5 13. Ne2 Bd6 $6 (13... Nf6 14. Bxb4
axb4 15. Rac1 (15. g4 $5 fxg4 16. Ng3 $44) 15... Ra7) 14. g4 $1 g6 15. gxf5
gxf5 (15... exf5 $32) 16. Be1 $1 $16 Kh8 (16... Nf6 17. Bh4 Qe8 18. Kh1 Ne4 19.
Rg1+ Kh8 20. Rg2 $36) 17. Kh1 Bb7 18. cxd5 cxd5 19. Ng1 $1 Ba6 (19... Rc8 20.
Qe2 Nc6 21. Ngf3 Nb4 22. Bh4 Qe8 23. Bb5) 20. Ngf3 Rc8 21. Qe2 Bxe5 22. Bxa6
Nxa6 23. fxe5 Nb4 24. Bh4 Qe8 25. Ne1 {/\a3/} a4 26. bxa4 Rc4 (26... Rxa4 27.
Qb5 $6 Rxa2 28. Rxa2 Nxa2 29. Rg1 h6 $13) 27. Rg1 Qf7 (27... Rxa4 $32 28. Qg2
Qf7 29. a3 $16) 28. Nf3 Rxa4 (28... Rc2 29. Qb5 Qh5 30. Rg3 Nc6 31. Rag1 $18 {
/\a5!/}) (28... h6 29. Bf6+ Nxf6 30. exf6 Rc2 31. Ne5 Qxf6 32. Qh5 $18) (28...
Qh5 29. Qg2 Qf7 30. Ng5 Qg6 31. Nxe6 $18) 29. Nd2 Nc6 (29... Rc7 30. Qb5 Rca7
31. Rac1 $18) 30. Nxc4 Rxc4 31. Bg5 f4 32. Bxf4 1-0

[Event "CUB-ch"]
[Site "Cuba"]
[Date "1984.??.??"]
[Round "3"]
[White "Vera Gonzalez Quevedo, Reynaldo"]
[Black "Rodriguez Cespedes, Amador"]
[Result "1-0"]
[WhiteElo "2440"]
[BlackElo "2360"]
[Annotator "Notkin,M"]
[PlyCount "113"]
[EventDate "1984.??.??"]
[EventType "tourn"]
[EventRounds "11"]
[EventCountry "CUB"]
[EventCategory "7"]
[SourceTitle "MCL"]
[Source "ChessBase"]
[SourceDate "1999.07.01"]
[SourceVersion "1"]
[SourceVersionDate "1999.07.01"]
[SourceQuality "1"]

1. d4 Nf6 2. c4 e6 3. Nf3 Bb4+ 4. Bd2 a5 5. Nc3 b6 6. e3 Bb7 7. Bd3 d6 (7...
O-O 8. Qc2 d5 9. cxd5 exd5 10. O-O c5 11. a3 Bxc3 12. bxc3 Nbd7 13. a4 Qc7 14.
Rfb1 $14 {Morovic Fernandez,J-Gulko,B/Vina del Mar/1988/0,5/33/}) 8. Qc2 Nbd7
9. e4 e5 10. Nd5 Bxd2+ 11. Qxd2 O-O 12. O-O exd4 13. Nxd4 Nc5 14. Rfe1 Re8 15.
f3 c6 16. Nc3 Qe7 (16... Qc7 17. Bf1 Rad8 18. Rad1 $6 (18. Nf5 Ne6 19. Rad1 d5
20. cxd5 cxd5 21. e5 $16 {Kasparov/}) 18... d5 $1 $13 {Kasparov,G-Tal,M/Niksic/
1983/0,5/33/}) 17. Bc2 Qf8 18. Nf5 Rad8 19. Rad1 g6 (19... Re6 20. e5 $1 Ne8
21. exd6 Rxe1+ 22. Qxe1 $1 Nxd6 23. Nxd6 Rxd6 24. Rxd6 Qxd6 25. Qe8+ Qf8 26.
Bxh7+ $18) 20. Nh6+ (20. Nxd6 Re6 21. e5 Ne8 $10) 20... Kg7 (20... Kh8 21. e5
$1 dxe5 22. Qxd8 Rxd8 23. Rxd8 Ne8 24. Ng4 $16) 21. Nf5+ Kg8 (21... Kh8 $2 22.
Nxd6 Re6 23. Nxf7+) 22. Nh6+ Kg7 23. Qg5 Bc8 (23... Nh5 24. Ng4 f6 25. Qd2 $16)
(23... Ng8 24. Nf5+ Kh8 25. Nd4 $14) 24. h3 Re7 $2 (24... Qe7 $5) 25. Ng4 Nxg4
26. hxg4 f6 27. Qe3 {/\g5/} Be6 28. b3 g5 29. Rd2 Rb7 (29... Red7 30. a3 {/\b4/
}) 30. Red1 Qe7 $2 (30... Rdd7 31. a3 Na6 $14) 31. e5 $1 fxe5 (31... Rbd7 32.
exf6+ Qxf6 33. Ne4 Nxe4 34. Qxe4 $16) 32. Rxd6 Rxd6 33. Qxe5+ Qf6 34. Qxf6+
Kxf6 35. Rxd6 Rc7 36. Ne4+ (36. Be4 Ke5 $1 $8 37. Rxc6 Nxe4 $1) 36... Ke7 (
36... Ke5 $5) 37. Rd2 Nxe4 38. Bxe4 Bg8 39. Kf2 Rd7 40. Re2 Kd6 41. Rd2+ Kc7
42. Re2 Kd6 43. Bf5 Re7 44. Rd2+ Kc5 (44... Kc7 45. g3 {/\f4+-/}) 45. Rd8 Be6
46. Bxe6 Rxe6 47. g3 Kb4 (47... Rf6 48. Ke3 Re6+ 49. Kd3 Rf6 50. Ke4 Re6+ 51.
Kf5 Re3 52. f4 $18) 48. f4 gxf4 (48... a4 49. f5 Re7 50. Rd3 $18) 49. gxf4 Ka3
50. f5 Rf6 51. Rd2 $18 b5 52. cxb5 cxb5 53. Ke3 h5 54. Kf4 hxg4 55. Kxg4 Rf8
56. Kg5 Rg8+ 57. Kh6 1-0

[Event "RUS-Cup3"]
[Site "Omsk"]
[Date "1996.??.??"]
[Round "5"]
[White "Burmakin, Vladimir"]
[Black "Eismont, Oleg"]
[Result "1-0"]
[WhiteElo "2505"]
[BlackElo "2455"]
[Annotator "Notkin,M"]
[PlyCount "69"]
[EventDate "1996.12.13"]
[EventType "swiss"]
[EventRounds "9"]
[EventCountry "RUS"]
[SourceTitle "CBM 057"]
[Source "ChessBase"]
[SourceDate "1997.04.01"]
[SourceVersion "1"]
[SourceVersionDate "1997.04.01"]
[SourceQuality "1"]

1. d4 Nf6 2. c4 e6 3. g3 d5 4. Nf3 Bb4+ 5. Bd2 Be7 6. Bg2 O-O 7. O-O c6 8. Qc2
b6 9. b3 Bb7 (9... Nbd7 10. Rd1 Ba6 11. Bf4 (11. a4 c5 (11... Rc8 12. a5 b5 13.
c5 Ne4 14. b4 Nxd2 $2 15. Nbxd2 f5 16. Ne5 Rc7 17. f4 $16 {Gleizerov,E-Shipov,
S/Cheliabinsk/1991/1-0/77/}) 12. Na3 Bb7 13. Qb2 dxc4 (13... Rc8 14. Rac1 Ne4
15. Be1 Bf6 16. b4 Ba8 $10 (16... cxd4 $6 17. Nxd4 $14 {Yusupov,A-Kharitonov,A/
URS/1988/1-0/59/})) 14. Nxc4 cxd4 15. Nxd4 Bxg2 16. Kxg2 Nc5 17. f3 Qc8 18. a5
{Novikov,I-Tiviakov,S/Moscow/1991/0,5/18/}) 11... Rc8 12. Nc3 (12. Nbd2 c5 13.
Qb2 cxd4 14. Qxd4 Bc5 15. Qb2 Qe7 16. cxd5 Nxd5 $10 {Polovodin,I-Belozerov,A/
St-Petersburg/1994/0,5/31/}) 12... dxc4 (12... Nh5 13. Bc1 f5 14. e3 Bd6 15. a4
$1 Qe7 16. a5 b5 17. c5 Bc7 18. Na2 $1 $16 {Psakhis,L-Akesson,R/Cap d'Agde/
1994/1-0/60/}) 13. e4 b5 14. bxc4 bxc4 15. d5 cxd5 16. exd5 exd5 17. Nxd5 Nxd5
18. Rxd5 Bb7 19. Rdd1 Qe8 20. Re1 Bxf3 21. Bxf3 Nc5 22. Qxc4 Ne6 $10 {Psakhis,
L-Khuzman,A/Tel Aviv/1994/0,5/25/}) 10. Rd1 Na6 (10... Nbd7 11. Nc3 Rc8 12. e4
c5 (12... Ba6 13. Qd3 (13. Bf4 dxc4 14. Nd2 c5 15. d5 e5 16. Bg5 Ne8 17. Bxe7
Qxe7 18. bxc4 $14 {Korchnoi,V-Gurevich,M/Antwerpen/1995/1-0/53/}) 13... Ne8 14.
Bf4 Bd6 15. e5 Be7 16. h4 $16 {Gleizerov,E-Eismont,O/Moscow/1992/1-0/47/}) 13.
exd5 exd5 14. Bf4 Re8 15. dxc5 dxc4 16. b4 bxc5 17. b5 Qa5 18. a4 $44 {
Korchnoi,V-Yudasin,L/Pamplona/1995/0,5/75/}) 11. Nc3 Rc8 12. e4 c5 13. e5 (13.
exd5 $5 exd5 14. dxc5 (14. Bf4 dxc4 15. dxc5 Qe8) 14... Nxc5 (14... bxc5 15.
Nxd5 $16) (14... Bxc5 15. Ng5 g6 (15... h6 16. Bxd5 Bxd5 17. Nxd5 hxg5 18. Bxg5
$18) 16. Bf4 $16) 15. Be1 $5 $14 (15. Bg5 Ne6 16. Rac1 d4 $13)) 13... Nd7 14.
dxc5 bxc5 (14... dxc4 $2 15. Ng5 Bxg5 16. Bxb7 Nb4 17. Qc1 Bxd2 18. Qxd2 Rc7
19. c6 {/\Nb5/}) (14... Naxc5 15. cxd5 exd5 16. Qf5 Ne6 17. Nb5) 15. cxd5 Nb4 (
15... exd5 16. Qf5 Nc7 17. Bf4 $14) 16. Qe4 (16. Qb1 $5 Nxd5 17. Ne4 $36) 16...
Nxd5 (16... exd5 17. Qg4) 17. Qe2 $6 (17. Qg4 Kh8 18. Rac1 $14) 17... N7b6 (
17... Nxc3 18. Bxc3 Qc7 19. Nd2 $14) 18. Nxd5 (18. Ne4 c4 $132) 18... Nxd5 $6 (
18... Bxd5 $1 $10) 19. Rac1 Qb6 (19... h6 20. Qc4 {/\Qg4->>>/}) 20. Bg5 $1 h6 (
20... Nc3 21. Rxc3 Bxf3 22. Bxf3 Bxg5 23. h4 Be7 24. Rd7 Rc7 25. Rcd3 $16) 21.
Bxe7 Nxe7 22. Nd2 Bd5 (22... Bxg2 23. Kxg2 Nf5 24. Nc4 Qa6 $14) 23. Nc4 Qa6 (
23... Qc6 24. f4 $14) 24. Rd2 Bxg2 25. Kxg2 Nd5 $2 (25... Nf5 26. Qe4 Rfd8 $14)
26. Nd6 $16 Qc6 (26... Qxe2 27. Rxe2 Rc7 28. Rec2 $16) 27. Kg1 Rc7 28. Rdc2 Nb4
(28... Qb6 $142) 29. Rc4 $1 Qa6 30. Qd2 Qb6 (30... Qxa2 31. Qxa2 Nxa2 32. R1c2
Nb4 33. Rxb4 $18) 31. Rg4 Kh8 32. Rcc4 $1 Rg8 (32... f5 33. exf6 Rxf6 34. Ne8)
(32... Nc6 33. Rxg7 $1 Kxg7 34. Rg4+ Kh7 35. Rh4 $18) 33. Rh4 {/\Rh6!/} Kh7 34.
Rcg4 {/\Rg7!/} Rh8 35. Ne8 $1 1-0

[Event "FRA-chT Top 16 Gp Haute"]
[Site "Le Port Marly"]
[Date "2009.05.30"]
[Round "10"]
[White "Pelletier, Yannick"]
[Black "Kosten, Anthony C"]
[Result "1-0"]
[WhiteElo "2559"]
[BlackElo "2510"]
[Annotator "Pelletier,Y"]
[PlyCount "83"]
[EventDate "2009.05.28"]
[EventType "team-tourn"]
[EventRounds "11"]
[EventCountry "FRA"]
[SourceTitle "CBM 130 Extra"]
[Source "ChessBase"]
[SourceDate "2009.07.02"]
[SourceVersion "2"]
[SourceVersionDate "2009.07.15"]
[SourceQuality "1"]

1. d4 Nf6 2. c4 e6 3. Nf3 Bb4+ 4. Bd2 a5 5. g3 d6 6. Bg2 Nbd7 7. O-O e5 8. Be3
{Gegen eine von Kostens Lieblingsvarianten hatte ich diesen seltenen Zug
vorbereitet.} exd4 9. Bxd4 O-O 10. a3 Bc5 11. b3 Re8 12. Nc3 c6 ({Als
vorbildliche Partie hatte ich nämlich die folgende saubere Endspielführung
Seirawans bemerkt:} 12... Qe7 13. e3 Rb8 14. Qd2 Nb6 15. Bxc5 dxc5 16. a4 Bg4
17. h3 Rbd8 18. Qc2 Bh5 19. Nh4 c6 20. g4 Bg6 21. Nxg6 hxg6 22. Rad1 Na8 23.
Rxd8 Rxd8 24. Rd1 Nc7 25. Rxd8+ Qxd8 26. g5 Nfe8 27. Ne4 Ne6 28. f4 Nd6 29. Qd3
Nf5 30. Qxd8+ Nxd8 31. Kf2 Ne6 32. Bf3 Kf8 33. Bg4 Ke7 34. h4 Nd6 35. Kf3 Nxe4
36. Kxe4 Nc7 37. Kd3 Ne6 38. Bh3 Nc7 39. Bc8 b5 40. Kc3 bxa4 41. bxa4 Ne8 42.
Bg4 Nc7 43. e4 Na8 44. e5 Nb6 45. Kb3 Na8 46. Kc3 Nb6 47. Bd1 Nd7 48. Bf3 Nb8
49. Kd2 Ke6 50. Be4 Ke7 51. Ke2 Ke6 52. Kf3 Ke7 53. Kg4 Kf8 54. h5 gxh5+ 55.
Kxh5 Ke7 56. Bf3 Kf8 57. g6 Ke7 58. gxf7 Kxf7 59. Kg5 Nd7 60. Bxc6 Nf8 61. Bd5+
Ke7 62. Kf5 Kd7 63. Bg8 Ke7 64. e6 Kd6 65. Kg5 {1-0 Seirawan-Christiansen,
USA-ch Chandler 1997}) 13. Qc2 Qe7 14. e3 Bb6 ({Schwarz hätte hier oder im
vorigen Zug mittels} 14... Nb6 {ein ähnliches Endspiel wie in der Partie von
Seirawan bekommen können. Kosten verfolgt aber einen anderen Plan.}) 15. Rfe1 (
{Die Alternative} 15. Bxb6 Nxb6 16. Nd4 {war auch gut, wonach Schwarz die
gegnerische Struktur mittels Bauernopfer zerstören könnte:} a4 17. Nxa4 Nxa4
18. bxa4 $14) 15... Bc7 16. e4 Ne5 (16... Nc5 17. h3 (17. Rad1 $6 Ne6 18. Be3
Ng4) (17. e5 dxe5 18. Bxe5 (18. Nxe5 Ne6) 18... Be6 $11) 17... a4 18. Nxa4 Nxa4
(18... Ncxe4 $2 19. Nc3 d5 20. cxd5 cxd5 21. Bxf6 $18 {[%cal Gc3d5]}) 19. bxa4
$14) 17. Nh4 $1 (17. Nd2 {ist wegen} h5 $1 {[%cal Gh5h4] zweifelhaft.}) 17...
Ng6 $6 ({Schwarz hätte die dem Anziehenden günstige folgende Abwicklung
vermeiden sollen. Eigentlich ist es sogar wichtig, den Springerzug nach f5
überhaupt nicht zuzulassen. Aber nach dem besseren Zug} 17... g6 {fehlt der
verteidigende schwarzfeldrige Läufer am Königsflügel. Daher hätte Weiß auch
hier Vorteil.}) 18. Nf5 $1 Bxf5 (18... Qd8 19. Rad1 $16) 19. exf5 Qxe1+ 20.
Rxe1 Rxe1+ 21. Bf1 Ne5 (21... Nf8 $6 22. Ne2 Re8 23. Kg2 {[%cal Gd4c3] kostet
sofort Material.}) 22. Kg2 {Der Re1 hat die Verbindung mit seinen Kollegen
verloren und ist im gegnerischen Lager eingefangen.} Re8 (22... Nf3 23. Kxf3
Rxf1 24. Qe2 Rc1 (24... Rg1 25. Bxf6 gxf6 26. Qe7 $18) 25. Qe7 $18) 23. Be2 ({
Zu klarem Vorteil führte auch} 23. Qd2 Nf3 24. Kxf3 Rxf1 25. Bxf6 gxf6 26. Ne4)
23... c5 (23... Neg4 24. Qd2 $16) 24. Be3 ({Ich brauchte viel Zeit, um zu
verstehen, dass Schwarz nach} 24. Bxe5 $6 {mit dem Bauern zurücknimmt!} dxe5
25. Qd2 Ra1 26. Bd1 $140 $6 Rd8) 24... Nc6 (24... Neg4 25. Bf4 (25. Qd2 Nxe3+
26. fxe3 Ra1 27. Bd1 Ne4 28. Qb2 Nxc3 29. Qxa1 $16) 25... a4 $5 26. h3 $1 $16)
25. Qd2 Ra1 26. Qb2 Re1 27. Qd2 Ra1 28. Bd1 d5 {Schwarz öffnet die Stellung,
um seinen Turm zu retten.} (28... Nd4 29. Qb2 Rxd1 30. Nxd1 Nxf5 31. Qd2 $16)
29. cxd5 Be5 30. dxc6 Bxc3 31. Qxc3 Rxd1 32. c7 $2 ({Viel einfacher war} 32.
cxb7 {, aber ich übersah} Rd7 33. Bg5 $1 {, wonach die Partie bald zu Ende
gekommen wäre:} Rxb7 (33... Ne4 34. Qe5 $1) 34. Bxf6 gxf6 35. Qxf6 Rxb3 36.
Qg5+ Kh8 37. f6 Rg8 38. Qd5 $18) 32... Nd5 (32... b6 33. Bd2 $18 Ne4 $140 34.
Qe5) (32... Rd6 33. Bf4 Rc6 34. Qc4 $18) 33. Qxc5 Rc8 34. Bd4 Nxc7 35. Qc3 {
Die schwarzen Kräfte sind wieder unkoordiniert, was dem Anziehenden erlaubt,
entscheidende Drohungen aufzustellen.} f6 36. b4 {[%cal Gc3b3]} Kh8 (36... a4
37. Qc4+ Kh8 38. b5 $18) 37. b5 Rg8 38. Bxf6 Nxb5 (38... Nd5 39. Qb3) 39. Qb3
Re1 40. Bb2 Nd6 41. f6 Nf5 42. Qc2 1-0